000 00887nas a2200265Ia 4500
001 A09/R122-28502 [r000021650]
003 IT-MiCISF
008 161014c99999999xx |||||||||||| ||und||
040 _aIT-MiCISF
_cIT-MiCISF
041 _aITALIANO
100 _aDonati Pierpaolo
210 _aSociologia e politiche sociali
222 _aSociologia e politiche sociali
245 0 _aRipensare il welfare in Europa: oltre il lib/lab, verso un nuovo "complesso societario"
250 _a1a ed.
260 _c1998
501 _bCISF - Centro Internazionale Studi Famiglia - Via Giotto, 36 20145 MILANO (non commercial uses only)
_cCopyright 2016
300 _app. 9-51
362 _an. 1 [1998]
500 _a Tema: società, welfare, teoria, assistenza-sociale, sociologia
650 _asocietà
_varticolo
700 _aAA.VV.
942 _cCR
957 _71
999 _a28502
_bSi
_g1
_c224098
_d224098